Producción y dirección de televisión /

Contiene: La cámara de televisión; Las lentes de televisión; La iluminación; El audio en televisión; El switcher; Las transiciones visuales; Composición; La escenografía; El libreto; El maquillaje en televisión; Musicalización y efectos especiales de sonido; El actor de televisión; Ejemplos de progr...

وصف كامل

محفوظ في:
التفاصيل البيبلوغرافية
المؤلف الرئيسي: Bravo, Raymond (autor)
التنسيق: كتاب
اللغة:الإسبانية
منشور في: México : Limusa : 1993, c1993
الموضوعات:
الوسوم: إضافة وسم
لا توجد وسوم, كن أول من يضع وسما على هذه التسجيلة!

MARC

LEADER 00000nam^a2200000^a^4500
001 000037411
005 20250521000000.0
009 20260310085426.118
020 |a 968-18-4494-7 
037 |a Acervo ITESO - Biblioteca 
041 |a ESP 
082 |a 302. 234021  |b BRA 
100 |a Bravo, Raymond  |e (autor) 
245 1 0 |a Producción y dirección de televisión /  |c R. Bravo. 
264 4 |a México :  |b Limusa :  |c 1993, c1993 
300 |a 211 p. 
336 |a texto  |b txt  |2 rdacontenido 
337 |a sin mediación  |b n  |2 rdamedio 
338 |a volumen  |b nc  |2 rdasoporte 
520 |a Contiene: La cámara de televisión; Las lentes de televisión; La iluminación; El audio en televisión; El switcher; Las transiciones visuales; Composición; La escenografía; El libreto; El maquillaje en televisión; Musicalización y efectos especiales de sonido; El actor de televisión; Ejemplos de programas, La experiencia cinematográfica; Dirección y producción; Glosario de términos ingleses usados en televisión. 
649 |a XX 
650 |a Producción Televisiva 
650 |a Televisión 
650 |a Medios de Comunicación 
650 |a Comunicación Masiva 
910 |a Fondo General 
920 |a Impresos - Libros 
930 |a Colección General 
905 |a 101 
901 |a 0374110100  |b IT1  |c ACC  |i 037411  |u 20250521 
902 |a https://opac.biblio.iteso.mx/vufind/Record/000037411